Eastern Utah Libraries Catalog: Duchesne, Heber, Roosevelt, & Vernal

Stop that mop! / (Record no. 404454)

MARC details
000 -LEADER
fixed length control field 01941pam a2200505 i 4500
001 - CONTROL NUMBER
control field 2024003766
003 - CONTROL NUMBER IDENTIFIER
control field DLC
005 - DATE AND TIME OF LATEST TRANSACTION
control field 20260210151506.0
008 - FIXED-LENGTH DATA ELEMENTS--GENERAL INFORMATION
fixed length control field 240613t20252025nyua a 000 1 eng
010 ## - LIBRARY OF CONGRESS CONTROL NUMBER
LC control number 2024003766
020 ## - INTERNATIONAL STANDARD BOOK NUMBER
International Standard Book Number 9781665932721
Qualifying information (hbk.)
020 ## - INTERNATIONAL STANDARD BOOK NUMBER
International Standard Book Number 9781665932714
Qualifying information (pbk.)
020 ## - INTERNATIONAL STANDARD BOOK NUMBER
Cancelled/invalid ISBN 9781665932738
Qualifying information (ebk.)
035 ## - SYSTEM CONTROL NUMBER
System control number (OCoLC)1440044375
040 ## - CATALOGING SOURCE
Original cataloging agency NJQ/DLC
Language of cataloging eng
Description conventions rda
Transcribing agency DLC
Modifying agency TnLvILS
042 ## - AUTHENTICATION CODE
Authentication code pcc
-- cyac
092 ## - LOCALLY ASSIGNED DEWEY CALL NUMBER (OCLC)
Classification number children leveled
Item number Fenske
100 1# - MAIN ENTRY--PERSONAL NAME
Personal name Fenske, Jonathan,
Relator term author,
-- illustrator.
9 (RLIN) 5701144
245 10 - TITLE STATEMENT
Title Stop that mop! /
Statement of responsibility, etc by Jonathan Fenske.
250 ## - EDITION STATEMENT
Edition statement Simon Spotlight edition.
264 #1 - Production, Publication, Distribution, Manufacture, and Copyright Notice.
Place of production, publication, distribution, manufacture New York :
Name of producer, publisher, distributor, manufacturer Simon Spotlight,
Date of production, publication, distribution, manufacture, or copyr [2025]
264 #4 - Production, Publication, Distribution, Manufacture, and Copyright Notice.
Date of production, publication, distribution, manufacture, or copyr ©2025.
300 ## - PHYSICAL DESCRIPTION
Extent 1 volume (unpaged) :
Other physical details color illustrations ;
Dimensions 24 cm.
336 ## - Content Type
Content type term text
336 ## - Content Type
Content type term still image
337 ## - Media type
Media type term unmediated
338 ## - Carrier type
Carrier type term volume
490 1# - SERIES STATEMENT
Series statement Ready-to-read. Level one, Star reader!
520 ## - SUMMARY, ETC.
Summary, etc Tired of mopping slop, this Mop wants to run away, and challenges anyone who wants to stop it.
521 1# - TARGET AUDIENCE NOTE
Target audience note Ages 4 to 6.
Source Spotlight.
521 2# - TARGET AUDIENCE NOTE
Target audience note Grades K-1.
Source Spotlight.
586 ## - AWARDS NOTE
Awards note Seuss Geisel Award Winner, 2026.
650 #0 - SUBJECT ADDED ENTRY--TOPICAL TERM
Topical term or geographic name as entry element Mops and mopsticks
Form subdivision Juvenile fiction.
9 (RLIN) 6538861
650 #0 - SUBJECT ADDED ENTRY--TOPICAL TERM
Topical term or geographic name as entry element Animals
Form subdivision Juvenile fiction.
9 (RLIN) 5678723
650 #0 - SUBJECT ADDED ENTRY--TOPICAL TERM
Topical term or geographic name as entry element Cleaning
Form subdivision Juvenile fiction.
9 (RLIN) 5729637
650 #0 - SUBJECT ADDED ENTRY--TOPICAL TERM
Topical term or geographic name as entry element Seuss Geisel Award
9 (RLIN) 6538437
650 #1 - SUBJECT ADDED ENTRY--TOPICAL TERM
Topical term or geographic name as entry element Mops and mopsticks
Form subdivision Fiction.
9 (RLIN) 6538862
650 #1 - SUBJECT ADDED ENTRY--TOPICAL TERM
Topical term or geographic name as entry element Animals
Form subdivision Fiction.
9 (RLIN) 5678722
650 #1 - SUBJECT ADDED ENTRY--TOPICAL TERM
Topical term or geographic name as entry element Cleaning
Form subdivision Fiction.
9 (RLIN) 5725218
655 #7 - INDEX TERM--GENRE/FORM
Genre/form data or focus term Readers (Publications)
Source of term lcgft.
9 (RLIN) 5726093
655 #7 - INDEX TERM--GENRE/FORM
Genre/form data or focus term Picture books.
Source of term lcgft.
776 08 - ADDITIONAL PHYSICAL FORM ENTRY
Display text Online version:
Main entry heading Fenske, Jonathan.
Title Stop that mop!
Edition Simon Spotlight edition.
Place, publisher, and date of publication New York : Simon Spotlight, 2024
International Standard Book Number 9781665932738
Record control number (DLC) 2024003767.
830 #0 - SERIES ADDED ENTRY--UNIFORM TITLE
Uniform title Ready-to-read.
Number of part/section of a work Level one,
Name of part/section of a work Star reader!
9 (RLIN) 5735408
942 ## - ADDED ENTRY ELEMENTS (KOHA)
Source of classification or shelving scheme Dewey Decimal Classification
Koha item type BOOK
Holdings
Withdrawn status Lost status Source of classification or shelving scheme Damaged status Not for loan Collection code Home library Current library Shelving location Date acquired Source of acquisition Total Checkouts Total Renewals Full call number Barcode Date last seen Date checked out Cost, replacement price Price effective from Koha item type
    Dewey Decimal Classification     Children Leveled Wasatch County Library Wasatch County Library Main Floor Childrens Area 02/12/2025 Micromarketing 5 4 E Fenske 34301002146100 02/25/2026 02/10/2026 18.99 02/12/2025 BOOK
This project was made possible through a grant from the Institute of Museum and Library Service administered by the Utah State Library Division.

Wasatch County Library

  • 465 East 1200 South, Heber City, Utah 84032
  • Phone 435-654-1511 | Fax 435-654-6456

Hours

  • Monday - Friday 9:30 AM - 8:00 PM
  • Saturday 9:30 AM - 1:30 PM
  • Closed Sundays and Holidays